00241nam a2200097Ia 4500008004100000100001500041245004100056260002500097260000900122546001200131170619s9999 xx 000 0 und d aPiskunov N 0aDifferential and integral calculas I bC B S Pub.:New Delhi c1996 aENGLISH